00716 2200265 4500001002100000005001500021035002000036007000300056008004100059020002200100082001000122084001400132245009100146250001000237260003300247300003600280650001200316700002300328700002400351504002700375990001200402990001200414990001200426990001200438INLIS00000000000531620200706111204 a0010-0220000034ta200706 a 1 ind  a978-979-29-6145-4 a398.2 a398.2 DON aDongeng Flora Unik Indonesia /cRauhiyatul Jannah [et. al]; editor, Th. Arie Prabawati acet.1 aYogyakarta :bRainbow,c2017 avi, 161 hlm. :bilus. ;c25 cm. 4aDONGENG0 aRAUHIYATUL, Jannah0 aARIE, Prabawati Th. aBibliografi : hlm. 161 a17022 A a17022 B a17022 C a17022 D